01009nam a22001817a 45000010005000000030006000050050017000110080041000280400029000690500015000980820011001131000017001242450056001412600052001973000025002495200510002746500043007844389FISKH20240819144736.0240819b cb ||||| |||| 00| 0 eng d aFISKHbengcFISKHdFISKH aPS1305.A1  a813.4  aTwain, Mark  aThe adventures of Huckleberry Finn /cBy Mark Twain aPhnom Penh : bFootprint Internations, c2024.  a397 pages : c21 cm  aHuckleberry Finn, Tom Sawyer's best friend, escapes down the Mississippi on a raft with the runaway slave, Jim. One of the iconic American novels, it caused a stir when published because of the vernacular used by Twain to characterize Jim and the people of the Mississippi. Twain's criticism of racial segregation and the treatment of slaves was thrown into turbulent criticisms at the turn of the century however, when he himself was accused of racist stereotyping and frequent use of the word "n*gger".  aAdventure vAmerican LiteraturexNovel